| 000 | 00513nam a2200181Ia 4500 | ||
|---|---|---|---|
| 005 | 20250508152517.0 | ||
| 008 | 008 250505s9999 xx 000 0 hin d | ||
| 037 | _aTextual | ||
| 040 |
_aFEDL _beng _cFEDL |
||
| 041 |
_ahin _2hin |
||
| 084 |
_a891.433, NAT _qFEDL |
||
| 100 |
_aNathan Singh _9761656 |
||
| 245 | 0 | _aBabu baalmukund gupt: Jeevan aur sahitya | |
| 260 |
_aAgra, India _bVinod Pustak Mandir _c1959 |
||
| 300 | _a528p. | ||
| 942 |
_cTEXL _h891.433, NAT |
||
| 999 |
_c1336895 _d1336895 |
||